| 000 | 00518cam a22001817 4500 | ||
|---|---|---|---|
| 001 | ltf91026590 | ||
| 003 | DLC | ||
| 005 | 20260227111552.0 | ||
| 008 | 910305s1850 gw 000 0 ger | ||
| 010 | _altf91026590 | ||
| 040 |
_aDLC _cDLC _dDLC |
||
| 050 | 0 | 0 |
_aKJA2762.A77 _bD476 1850 |
| 100 | 1 |
_aDernburg, Heinrich, _d1829-1907. |
|
| 245 | 1 | 0 |
_aUeber die emtio bonorum; _bein rechtshistorischer Versuch. |
| 260 |
_aHeidelberg, _bJ.C.B. Mohr, _c1850. |
||
| 300 |
_a163 p. _c22 cm. |
||
| 650 | 0 | _aAssignments (Roman law) | |
| 999 |
_c37514 _d37514 |
||